000 00497cam a2200205ua 4500
001 8554
005 20260515114340.0
008 150205n ii |||gr||||Z||||||eng
020 _a8122902677
040 _cMAIN
041 _aeng
082 _a400
100 _aJespersen, O.,
_eAuthor.
245 1 _aLanguage :
_bIts narure development and origin /
_cBy Otto Jespersen .
250 _a1st.
260 _aNew Delhi:
_bSurjeet,
_c2007.
300 _a418p.
653 _aLanguage
942 _cBK
999 _c7649
_d7649